30 Best Soccer Players of All Time - Statistics

General Stats
  • This quiz has been taken 462 times
  • The average score is 18 of 30
Answer Stats
Rank Years Active Answer Nationality Position % Correct
1 2003- Lionel Messi Argentina FW
100%
3 2002- Cristiano Ronaldo Portugal FW
98%
2 1976-1997 Diego Maradona Argentina MF
98%
4 1956-1977 Pelé Brazil FW
97%
6 1964-1984 Johan Cruyff Netherlands FW
85%
5 1993-2011 Ronaldo Brazil FW
85%
8 1989-2006 Zinedine Zidane France MF
82%
9 1943-1966 Ferenc Puskás Hungary FW
75%
16 1999- Zlatan Ibrahimović Sweden FW
74%
17 1995- Gianluigi Buffon Italy GK
72%
10 1963-1983 George Best Northern Ireland FW
71%
11 1964-1983 Franz Beckenbauer Germany DF
66%
14 1950-1970 Lev Yashin Soviet Union GK
66%
13 1998-2015 Ronaldinho Brazil MF
63%
25 2001- Andrés Iniesta Spain MF
58%
7 1945-1966 Alfredo Di Stéfano Argentina FW
56%
20 1963-1981 Gerd Müller Germany FW
54%
28 1997-2019 Xavi Spain MF
52%
18 1992-2013 David Beckham England MF
51%
21 1981-1995 Marco van Basten Netherlands FW
48%
30 1985-2009 Paolo Maldini Italy DF
47%
19 1972-1987 Michael Platini France MF
45%
22 1991-2011 Fabio Cannavaro Italy DF
42%
12 1971-1994 Zico Brazil MF
42%
23 1951-1972 Garrincha Brazil FW
41%
24 1989-2008 Cafu Brazil DF
36%
29 1978-2000 Lothar Matthäus Germany MF
33%
26 1991-2015 Rivaldo Brazil FW
30%
27 1982-2004 Roberto Baggio Italy FW
27%
15 1927-1947 Giuseppe Meazza Italy FW
21%
No matching quizzes found
Score Distribution
Percent of People with Each Score
Percentile by Number Answered
Your Score History
You have not taken this quiz